| Поле | Инд. | ПП | Название | Значение |
|---|---|---|---|---|
| Тип записи | a | |||
| Библиографический уровень | m | |||
| 001 | Контрольный номер | RU/IS/BASE/211892099 | ||
| 005 | Дата корректировки | 20230516105252.2 | ||
| 040 | b | Код языка каталог. | rus | |
| 041 | 0_ | a | Код языка текста | rus |
| 080 | a | Индекс УДК | 004.42 | |
| 084 | a | Индекс другой классификации/Индекс ББК | 32.973.26-018 | |
| 090 | a | Полочн. индекс | 681.3 | |
| x | Авторский знак | Г96 | ||
| 097 | b | Оператор | 11 | |
| 100 | 1_ | a | Автор | Гусева А. И. |
| 245 | 10 | a | Заглавие | Учимся программировать |
| b | Продолж. заглавия | Pascal 7.0: задачи и методы их решения : учебное пособие | ||
| 250 | a | Основные сведения об издании | 2-е изд. | |
| 260 | a | Место издания | М. | |
| b | Издательство | Диалог-МИФИ | ||
| c | Дата издания | 1998 | ||
| 300 | a | Объем | 272 с. | |
| 510 | 0_ | a | Примечание о ссылках | Книги и методические пособия |
| 650 | 04 | a | Основная рубрика | 50.05 Теоретические основы программирования |
| x | Основная подрубрика | 50.05.03 Общетеоретические вопросы программирования | ||
| 653 | 0_ | a | Ключевые слова | Pascal; программирование; языки программирования |
| 901 | t | Тип документа | m |